| 000 | 00763cam a22002653a 4500 | ||
|---|---|---|---|
| 001 | 4968 | ||
| 003 | PGUSA | ||
| 005 | 20140828083111.0 | ||
| 008 | 040101s2004||||xxu|||||s|||||000 1 eng d | ||
| 040 |
_aPGUSA _beng |
||
| 042 | _adc | ||
| 050 | 4 | _aPQ | |
| 100 | 1 |
_aVerne, Jules, _d1828-1905 |
|
| 245 | 1 | 0 |
_aLes Cinq Cents Millions De La Bégum _h[electronic resource] / _cJules Verne |
| 260 |
_bProject Gutenberg, _c2004 |
||
| 506 | _aPublic domain in the USA. | ||
| 516 | _aElectronic text | ||
| 653 | _aScience fiction | ||
| 653 | _aDistribution of decedents' estates -- Fiction | ||
| 653 | _aOregon -- Fiction | ||
| 653 | _aNew towns -- Fiction | ||
| 830 | 0 |
_aProject Gutenberg _v4968 |
|
| 856 | 4 | 0 | _uhttp://www.gutenberg.org/ebooks/4968 |
| 942 | _cEB | ||
| 999 |
_c234297 _d234297 |
||